Precálculo: Un Enfoque Visual
| Main Authors: | , |
|---|---|
| Format: | Section = Libro |
| Language: | Undetermined Spanish |
| Published: |
México
Pearson
2014
|
| Subjects: |
| LEADER | 00575nam a2200217Ia 4500 | ||
|---|---|---|---|
| 008 | 241007s9999||||xx |||||||||||||| ||und|| | ||
| 020 | |a 978-607-32-2330-0 | ||
| 040 | |a BIBLIOTECA-RURC/ 515 C232 | ||
| 041 | |a spa | ||
| 082 | |a 515 C232 | ||
| 100 | 1 | |a Cantoral, Ricardo | |
| 100 | 1 | |b Montiel Gisela | |
| 245 | 1 | 0 | |a Precálculo: Un Enfoque Visual |
| 260 | |a México |b Pearson |c 2014 | ||
| 300 | |a 180 p. :il. | ||
| 650 | 7 | |a CALCULO-MATERMATICAS | |
| 650 | 7 | |b ANALISIS DE FUNCIONES | |
| 650 | 7 | |c OPERACIONES SECESIVAS-GRAFICAS. | |
| 942 | |c BK |2 ddc | ||
| 991 | |a TEXTO | ||
| 999 | |c 14345 | ||